01328cam a2200265 a 450000100100000000500170001000800410002704000250006804100380009308200150013110000290014624000560017524501020023126000570033330000220039049000200041250400490043250503160048153400640079770000290086183000270089004900090091795201190092699900170104500002644120200930030226.0990518s1965 sp 000 f spa d aDO-SdBNPbspacBNPHU17aspaheng2Código de idioma MARC axxxbG354r1 aGerald, J. Edward95349110aThe social responsability of the press.lEspañol.13aLa responsabilidad social de la prensa /cJ. Edward Gerald ; versión española de R. F. Arzac. aMéxico, D. F. :bLibreros Mexicanos Unidos,c1965. a328, p. ;c20 cm.1 aEl mundo de hoy aIncluye referencias bibliográficas y notas0 aNaturaleza de la difusión popular -- El periodismo como negocio en gran escala -- El hogar natural de la prenza -- El papel que representa el propietario -- El contenido de la difusión popular -- La nueva comunidad de la libertad -- La organización profesional de los practicantes de la difusión popular pTítulo original:tThe social responsability of the press.1 aArzac, R. F.etr.953492 0aEl mundo de hoy949979 aBNGR 001054708MOaGRbGRcCTd2011-03-17iLF1l0oxxx G354rp26441-10r2020-06-25w2020-06-25y4ZPréstamo en sala c25933d25933